000 00925nam a22001577a 4500
003 OSt
005 20150913110424.0
008 150913b xxu||||| |||| 00| 0 eng d
040 _cRUA
082 _aAGR SUY 1997 B019 Or.1
100 _9379
_aSUY, SOPHAL.
245 _aEffect of border varieties in advanced yield trial of five early duration varieties at day eth-sre ampil agri-development center, 1996 and 1997 dry season ឥទ្ធិពលនៃការប្រគួតប្រជែងរវាងពូជក្នុងពិសោធន៍ជំរើសទិន្នផលស្រូវស្រាលចំនួនប្រាំពូជនៅមណ្ឌលអភិវឌ្ឍន៍ដីឥដ្ឋ-ស្រែអំពិលនារដូវប្រាំងឆ្នាំ១៩៩៦ និង១៩៩៧
260 _aPhnom Penh
_bRUA
_c1997
300 _a65p.
_bill.
_c29cm.
942 _2ddc
_cAGR
999 _c360
_d360